| 000 | 00929nam a2200265 i 4500 | ||
|---|---|---|---|
| 003 | DO-SdBNP | ||
| 005 | 20260309120056.0 | ||
| 007 | ta | ||
| 008 | 260309b2006 dr ||||| |||| 00| 0 spa d | ||
| 040 |
_aDO-SdBNP _bspa _cBNPHU _erda |
||
| 041 | _aspa | ||
| 082 | 4 |
_axxx _bL817d _222 |
|
| 100 | 1 |
_aLockward, Angel, _eautor _4aut. _911034 |
|
| 245 | 1 | 0 |
_aDemocracia y justicia en América Latina / _bcaso : República Dominicana / _cÁngel Lockward |
| 250 | _aPrimera edición | ||
| 264 |
_aSanto Domingo, República Dominicana : _bFundación de Estudios Económicos y Políticos Incorporado, FUNDESEP, _c2006. |
||
| 300 |
_a153 páginas ; _c23 cm. |
||
| 336 |
_atexto _btxt _2rdacontent |
||
| 337 |
_asin mediación _bn _2rdamedia |
||
| 338 |
_avolumen _bnc _2rdacarrier |
||
| 590 | _aInventariado, 2026 /LP | ||
| 710 | 2 |
_aFundación de Estudios Económicos y Políticos Incorporado _989170 |
|
| 910 | _aLP | ||
| 942 |
_2ddc _cLBS1 |
||
| 999 |
_c60468 _d60468 |
||